University Home | Library Home | Institutional Repository

The story of the universities' mission to central Africa : (Record no. 216607)

MARC details
000 -LEADER
fixed length control field 00678nam a22001697a 4500
005 - DATE AND TIME OF LATEST TRANSACTION
control field 20260415093141.0
008 - FIXED-LENGTH DATA ELEMENTS--GENERAL INFORMATION
fixed length control field 260415b |||||||| |||| 00| 0 eng d
040 ## - CATALOGING SOURCE
Original cataloging agency LC
Transcribing agency UNZA
Modifying agency UNZA
Description conventions RDA
050 ## - LIBRARY OF CONGRESS CALL NUMBER
Classification number ZAMB BV 3625
Item number ROW 1866
100 ## - MAIN ENTRY--PERSONAL NAME
Personal name Rowley, Henry
245 ## - TITLE STATEMENT
Title The story of the universities' mission to central Africa :
Remainder of title from its commencement, under Bishop Mackenzie, to its withdrawal from Zambesi /
Statement of responsibility, etc. Rowley, Henry,
260 ## - PUBLICATION, DISTRIBUTION, ETC.
Place of publication, distribution, etc. London :
Name of publisher, distributor, etc. Saunders, Otley, and Co.,
Date of publication, distribution, etc. 1866.
300 ## - PHYSICAL DESCRIPTION
Extent 493 pages [ with other various pages] :
Other physical details illustrations.
650 ## - SUBJECT ADDED ENTRY--TOPICAL TERM
Topical term or geographic name entry element Missions
Geographic subdivision Africa, Central .
650 ## - SUBJECT ADDED ENTRY--TOPICAL TERM
Topical term or geographic name entry element Africa, Central
Geographic subdivision Description and travel.
942 ## - ADDED ENTRY ELEMENTS (KOHA)
Koha item type Zambian collection
999 ## -
-- 216607
-- 216607
Holdings
Withdrawn status Lost status Source of classification or shelving scheme Damaged status Not for loan Home library Current library Shelving location Date acquired Total Checkouts Full call number Barcode Date last seen Copy number Price effective from Koha item type
    Library of Congress Classification     Main Library Main Library Special collections 04/15/2026   ZAMB BV 3625 ROW 1866 33729001861421 04/15/2026 C.1 04/15/2026 Zambian collection
© 2026 - The University of Zambia Library - Koha v25.11